Japan : Essays on national culture and scientific thought
This book introduce aout Japan in the early period of her existence, geographical and historical survey. The discovery of Japan by Europeans and her external contacts. Infomation of Japan available abroad and development of scientific and geographical knowledge in the era of Japan's self-Isolat...
Guardado en:
| Autor principal: | |
|---|---|
| Formato: | Libro |
| Lenguaje: | Undetermined |
| Publicado: |
Moscow
Nauka Pub. House, Central Dept. of Oriental Literature
1969
|
| Materias: | |
| Etiquetas: |
Agregar Etiqueta
Sin Etiquetas, Sea el primero en etiquetar este registro!
|
| Thư viện lưu trữ: | Trung tâm Học liệu Trường Đại học Cần Thơ |
|---|
| LEADER | 01010nam a2200229Ia 4500 | ||
|---|---|---|---|
| 001 | CTU_231676 | ||
| 008 | 210402s9999 xx 000 0 und d | ||
| 082 | |a 915.2 | ||
| 082 | |b P829 | ||
| 100 | |a Popov, Konstantin | ||
| 245 | 0 | |a Japan : | |
| 245 | 0 | |b Essays on national culture and scientific thought | |
| 245 | 0 | |c Konstantin Popov | |
| 260 | |a Moscow | ||
| 260 | |b Nauka Pub. House, Central Dept. of Oriental Literature | ||
| 260 | |c 1969 | ||
| 520 | |a This book introduce aout Japan in the early period of her existence, geographical and historical survey. The discovery of Japan by Europeans and her external contacts. Infomation of Japan available abroad and development of scientific and geographical knowledge in the era of Japan's self-Isolation from the outside world... | ||
| 650 | |a Địa lý,Geography | ||
| 650 | |x Nghiên cứu và giảng dạy,Study and teaching | ||
| 650 | |z Nhật Bản,Japan | ||
| 910 | |b dqhieu | ||
| 980 | |a Trung tâm Học liệu Trường Đại học Cần Thơ | ||